00901nam a22002774c 4500001000700000003000700007005001700014008004100031015001000072017004900082020001800131035002100149040002900170100002500199245004500224250003700269264002700306300002500333336002200358337003000380338002400410500005500434610002100489650002100510852009200531196939SpMaBN20250814053140.0250218s2024 sp | |||| 000 0 spa  aMON24 aM 3384-2024bOficina Depósito Legal Madrid a9788498276510 a(SpMaBN)a7469012 aSpMaBNbspacSpMaBNerda1 aAmorifer, Sär4aut1 aIntroducción al martinismo tradicional aSegunda Edición Corregida 2025 1bEditorial Dilemac2024 a188 páginasc23 cm aTexto2rdacontent asin mediación2rdamedia avolumen2rdacarrier aCatalogación provisional. N-10354. Depósito J 0aOrden Martinista 7aOcultismo2embne aES-MaACLcDEPOJjN-10354xEncuadernación rústica con solapashDonación: Editorial